000 00266nam a2200121Ia 4500
003 OSt
005 20230823095218.0
008 170524s9999 xx 000 0 und d
040 _cIIMT UNIVERSITY
100 _aBERMAN B
245 0 _aRETAIL MANAGEMENT
942 _2ddc
_c02
999 _c9971
_d9971